Panorama de la biología contemporánea / (Record no. 117530)

MARC details
000 -LEADER
campo de control de longitud fija 00683nam a2200205 4500
001 - NÚMERO DE CONTROL
campo de control 117530
003 - IDENTIFICADOR DE NÚMERO DE CONTROL
campo de control ES-MaACL
007 - CAMPO FIJO DE DESCRIPCIÓN FÍSICA--INFORMACIÓN GENERAL
campo de control de longitud fija t|
008 - DATOS DE LONGITUD FIJA--INFORMACIÓN GENERAL
campo de control de longitud fija 070214s1975 sp r ||||1| spa d
245 00 - MENCIÓN DEL TÍTULO
Título Panorama de la biología contemporánea /
Mención de responsabilidad, etc. A. H. Lehninger [et al.] ; selección y comentarios de Roland Hoste ; versión de Carlos Castrodeza.
260 ## - PUBLICACIÓN, DISTRIBUCIÓN, ETC.
Lugar de publicación, distribución, etc. Madrid :
Nombre del editor, distribuidor, etc. Alianza,
Fecha de publicación, distribución, etc. 1975.
300 ## - DESCRIPCIÓN FÍSICA
Extensión 401 p. :
Otras características físicas il. ;
Dimensiones 20 cm.
490 1# - MENCIÓN DE SERIE
Mención de serie Alianza universidad
700 1# - ENTRADA AGREGADA--NOMBRE PERSONAL
Nombre de persona Lehninger, A. H.
9 (RLIN) 71351
700 1# - ENTRADA AGREGADA--NOMBRE PERSONAL
Nombre de persona Hoste, Roland.
9 (RLIN) 64294
700 1# - ENTRADA AGREGADA--NOMBRE PERSONAL
Nombre de persona Castrodeza, Carlos.
9 (RLIN) 36985
830 0# - PUNTO DE ACCESO ADICIONAL DE SERIE-TÍTULO UNIFORME
Título uniforme Alianza universidad
9 (RLIN) 177276
852 ## - LOCALIZACIÓN
Ubicación ES-MaACL
Número de control de estantería L-3493
Sublocalización o colección R.104174
Holdings
Estatus retirado Estado de pérdida Estado de daño No para préstamo Biblioteca de origen Biblioteca actual Ubicación en estantería Fecha de adquisición Fuente de adquisición Total de préstamos Signatura topográfica completa Código de barras Visto por última vez Precio de reemplazo Tipo de ítem Koha
        Biblioteca del Ateneo de Madrid Biblioteca del Ateneo de Madrid Depósito 2 17/01/2008     L-3493 1122533 23/02/2023 23/02/2023 Libro impreso